| 000 | 03080nam0a2200397 4500 | ||
|---|---|---|---|
| 001 | RU\NLR\BIBL_A\012898859 | ||
| 005 | 20221110102200.0 | ||
| 010 |
_a978-5-98862-719-7 _9300 |
||
| 021 |
_aRU _bКН-П-22-053822 _9КН-П-22-4674 |
||
| 035 | _a(NLR Aleph) 012898859 | ||
| 035 | _a(RuMoRGB)011175640 | ||
| 090 |
_a12574324 _c12574324 |
||
| 100 | _a20220929d2022 u y0rusy50 ca | ||
| 101 | 0 | _arus | |
| 102 | _aRU | ||
| 105 | _aac||z|||000zy | ||
| 181 | 0 |
_ai3 _baxxe |
|
| 181 | 0 |
_ab1 _bbb2e |
|
| 182 | 0 | _an | |
| 200 | 1 |
_aИстория Франции _dHistoire de France _eгорода, события, люди _fТатьяна Богоявленская _zfre |
|
| 203 |
_aТекст _aИзображение _bвизуальные _cнепосредственные |
||
| 210 |
_aМосква _cГрифон _d2022 |
||
| 215 |
_a238, [1] с., [16] л. цв. ил., портр. _d22 |
||
| 300 | _aАвт. также на фр. яз.: Tatiana Bogoyavlenskaya | ||
| 320 | _aБиблиогр.: с. 237-239 | ||
| 330 | _aЗнакомство с историей французских городов поможет лучше понять историю Европы: поскольку именно Франция на протяжении столетий являлась признанным центром политики, экономики, культуры целого континента. Во Франции началась эпоха крестовых походов, появились первые элементы гражданственности, а в XII веке был учреждён Парижский университет... Но главные герои этой книги - не Париж и его окрестности, известные практически всем, а большие и малые города Франции, которые также внесли ощутимый вклад в мировую историю и культуру. Это города Бретани, Нормандии, Прованса, Берри, Бургундии, Эльзаса - исторических регионов, некогда самостоятельных, а теперь по-настоящему французских. Но местные жители до сих пор бережно сохраняют и ценят свои уникальные особенности | ||
| 333 | _a16+ | ||
| 510 | 1 |
_6z77790 _aHistoire de France _zfre |
|
| 607 |
_aФранция _xИстория _2nlr_sh1 _2nlr_sh2 _3RU\NLR\AUTH\6614333 |
||
| 686 | 1 | _aТ3(4Фр)0,02 | |
| 700 | 1 |
_aБогоявленская _bТ. С. _cисторик, культуролог _gТатьяна Сергеевна _3RU\NLR\AUTH\770247504 |
|
| 790 | 1 |
_6z77510 _aBogojavlenskaja _bT. S. _cисторик, культуролог _gTat'jana Sergeevna _3RU\NLR\AUTH\770247505 |
|
| 942 | _cBOOK | ||
| 980 | _aNB | ||